|
|
|
|
| LEADER |
00000nab a2200000 a 4500 |
| 001 |
vtls000018623 |
| 003 |
SK-MaSNL |
| 005 |
20260303205712.0 |
| 008 |
160211c1979 xo 0 slo |
| 015 |
|
|
|a SNBRB19rr/mm-uuuuu
|
| 035 |
|
|
|a CL0028717
|
| 040 |
|
|
|a SNKBUCL
|b slo
|c SNKBUCL
|e AACR2
|
| 041 |
0 |
|
|a slo
|
| 044 |
|
|
|a xo
|c SK
|
| 080 |
|
|
|a 792.2.097
|2 1981
|
| 080 |
|
|
|a 78
|2 1981
|
| 100 |
1 |
|
|a Palovčík, Michal,
|d 1921-2002
|4 aut
|9 105075
|
| 245 |
1 |
0 |
|a Poézia hudby na obrazovkách
|c M. Palovčík
|
| 610 |
2 |
7 |
|a Československá televízia
|2 snkbucl
|9 215938
|
| 650 |
0 |
7 |
|a programy televízne vianočné hudobné
|2 snkbucl
|9 1240617
|
| 650 |
0 |
7 |
|a programy televízne silvestrovské hudobné
|2 snkbucl
|9 1240618
|
| 655 |
|
7 |
|a články z novín a časopisov
|2 snkbucl
|9 267496
|
| 773 |
0 |
|
|t Pravda
|g Roč. 60, č. 5 (6. 1. 1979), s. 5
|
| 850 |
|
|
|a Slovenská národná knižnica v Martine
|a MTA001
|
| 852 |
|
|
|a SNK
|b KIS3GCP
|
| 958 |
|
|
|a RK
|
| 992 |
|
|
|a RBX
|
| 999 |
|
|
|c 2196708
|d 2198638
|